The Disappointments of St. Paul in His Missionary Endeavour (Record no. 23257)

MARC details
000 -LEADER
fixed length control field 00364nam a22001457a 4500
020 ## - INTERNATIONAL STANDARD BOOK NUMBER
ISBN 8170861608
082 ## - DEWEY DECIMAL CLASSIFICATION NUMBER
Classification number 227.1 PAT
100 ## - MAIN ENTRY--AUTHOR NAME
Author name Patmury, Gloria
245 ## - TITLE STATEMENT
Title The Disappointments of St. Paul in His Missionary Endeavour
260 ## - PUBLICATION, DISTRIBUTION, ETC. (IMPRINT)
Place of publication Bangalore
Name of publisher Asian trading Corporation
Year of publication 1992
300 ## - PHYSICAL DESCRIPTION
Number of Pages 100
650 ## - SUBJECT ADDED ENTRY--TOPICAL TERM
Topical Term Bible-Romans
942 ## - ADDED ENTRY ELEMENTS (KOHA)
Koha item type Books
Holdings
Collection code Home library Current library Shelving location Date acquired Source of acquisition Full call number Accession Number Koha item type
Non-fiction Henry Martyn Institute Library Henry Martyn Institute Library General stacks 06/23/2022 Dr. Andreas D'Souza collection 227.1 PAT 11004610 Books
                   Copyright © 2026 | Henry Martyn Institute | Hyderabad | TS-500052 | INDIA | Implemented by hmi.edu.in
Hit-Count:

Powered by Koha